| 000 | 00805cam a2200205 4500 | ||
|---|---|---|---|
| 001 | WB3803-19 | ||
| 008 | 020124n2002 000 0 eng u | ||
| 035 | _a(Sirsi) u116435 | ||
| 245 | 2 | _aA defining moment | |
| 260 | _c2002 | ||
| 490 |
_aEstates Gazette _v(0203) 19 January 2002, 123(1) |
||
| 520 | _aReviews a Court of Appeal ruling on enforcement of restrictive covenants. In "Whitgift Homes Ltd v Stocks and others" CA found insufficient evidence to clearly identify the area of a building scheme. Discusses the importance of this information for enforcement to succeed. See WB3746-05 for case details. | ||
| 590 | _aWB | ||
| 650 | _aBUILDING SCHEME | ||
| 650 | _aWHITGIFT HOMES V STOCKS | ||
| 650 | _aFREEHOLD LAND | ||
| 650 | _aRESTRICTIVE COVENANTS | ||
| 690 | _aPROPERTY | ||
| 942 | _n0 | ||
| 999 |
_c69358 _d69358 |
||